Statistics for Most known XXL Freshman Rappers

Click here to take the quiz!

General Stats

  • This quiz has been taken 18 times
  • The average score is 9 of 23

Answer Stats

YearRapper% Correct
201621 Savage
94%
2011Kendrick Lamar
82%
2016Lil Yachty
82%
2016Denzel Curry
76%
2016Kodak Black
76%
2016Lil Uzi Vert
76%
2017Playboi Carti
53%
2017XXXTentacion
53%
2012Future
41%
2020Jack Harlow
35%
2014Lil Durk
35%
2011Mac Miller
29%
2013Travis Scott
29%
2010J Cole
24%
2020NLE Choppa
24%
2013Chief Keef
18%
2020Lil Tjay
18%
2020Polo G
18%
2014Chance the Rapper
12%
2015Fetty Wap
12%
2012Macklemore
12%
2010Wiz Khalifa
6%
2017A Boggie wit da hoodie
0%

Score Distribution

Percentile by Number Answered

Percent of People with Each Score

Your Score History

You have not taken this quiz